[Event "ITA-chT UISP 23rd"]
[Site "Rimini"]
[Date "2002.12.??"]
[Round "2"]
[White "Fragni, Enrico"]
[Black "Restivo, Antonio"]
[Result "0-1"]
[WhiteElo "1684"]
[BlackElo "1600"]
[PlyCount "86"]
[EventDate "2002.12.??"]
[EventType "team"]
[EventRounds "6"]
[EventCountry "ITA"]
[SourceTitle "EXT 2024"]
[Source "ChessBase"]
[SourceDate "2023.10.10"]
[SourceVersion "1"]
[SourceVersionDate "2023.10.10"]
[SourceQuality "1"]

1. d4 d5 2. Nf3 Nf6 3. Bf4 Bf5 4. Nbd2 e6 5. e3 a6 6. Be2 c5 7. c3 c4 8. Nh4 Bd6 9. Nxf5 exf5 10. Qc2 Ne4 11. 0-0 Bxf4 12. exf4 Qh4 13. g3 Qe7 14. Nf3 Nc6 15. b3 b5 16. bxc4 bxc4 17. Rab1 f6 18. Nh4 Qd7 19. Rfe1 0-0 20. f3 Nd6 21. Bf1 g6 22. Bh3 Ne7 23. Kh1 Rfe8 24. g4 fxg4 25. Bxg4 f5 26. Bh3 Kh8 27. Re5 Nf7 28. Re3 Nc6 29. Rbe1 Nd6 30. Qg2 Rxe3 31. Rxe3 Re8 32. Qe2 Rxe3 33. Qxe3 Qe7 34. Qxe7 Nxe7 35. a4 Ndc8 36. Ng2 Nb6 37. Ne3 Nxa4 38. Nd1 Nc8 39. Bf1 Na7 40. Kg1 Nb5 41. Kf2 Naxc3 42. Ke1 Nxd1 43. Kxd1 Nxd4 0-1

[Event "ITA-chT UISP 23rd"]
[Site "Rimini"]
[Date "2002.12.??"]
[Round "1"]
[White "Restivo, Antonio"]
[Black "Fernandez, Gianluca"]
[Result "1-0"]
[WhiteElo "1600"]
[BlackElo "1438"]
[PlyCount "79"]
[EventDate "2002.12.??"]
[EventType "team"]
[EventRounds "6"]
[EventCountry "ITA"]
[SourceTitle "EXT 2024"]
[Source "ChessBase"]
[SourceDate "2023.10.10"]
[SourceVersion "1"]
[SourceVersionDate "2023.10.10"]
[SourceQuality "1"]

1. e4 e5 2. Nf3 Nc6 3. Bb5 d6 4. d4 Bd7 5. 0-0 Nxd4 6. Bxd7+ Qxd7 7. Nxd4 exd4 8. Qxd4 c5 9. Qd3 Nf6 10. Nc3 Be7 11. Rd1 0-0 12. e5 Ne8 13. Nd5 dxe5 14. Nxe7+ Qxe7 15. Qd7 Qxd7 16. Rxd7 b6 17. Bg5 f6 18. Be3 Rf7 19. Rad1 h6 20. f4 e4 21. f5 Rxd7 22. Rxd7 c4 23. Bf4 a5 24. Kf2 Rc8 25. a4 c3 26. b3 Kh7 27. Ke3 Rc5 28. Kxe4 b5 29. Re7 bxa4 30. bxa4 Rc4+ 31. Ke3 Rxa4 32. Rxe8 Rc4 33. Re4 Rc5 34. g4 g6 35. Re7+ Kg8 36. fxg6 Rc4 37. Rc7 Rxc7 38. Bxc7 Kg7 39. Bxa5 Kxg6 40. Kf4 1-0